Margarita, está linda la mar /
保存先:
| 第一著者: | |
|---|---|
| フォーマット: | 図書 |
| 言語: | Spanish |
| 出版事項: |
Madrid :
Santillana,
c1998.
|
| 主題: | |
| タグ: |
タグ追加
タグなし, このレコードへの初めてのタグを付けませんか!
|
MARC
| LEADER | 00000mam a2200000 a 4500 | ||
|---|---|---|---|
| 001 | 2247219 | ||
| 005 | 20141212010250.0 | ||
| 008 | 980708s1998 sp 000 1 spa | ||
| 020 | |a 8420483818 | ||
| 040 | |a DLC |c DLC |d PL# |d I5B |d CRU CIICLA | ||
| 082 | 0 | 0 | |a N863.4 |2 21 |b R173m |
| 100 | 1 | |a Ramírez, Sergio, |d 1942- | |
| 245 | 1 | 0 | |a Margarita, está linda la mar / |c Sergio Ramírez. |
| 260 | |a Madrid : |b Santillana, |c c1998. | ||
| 300 | |a 373 páginas | ||
| 650 | 1 | 0 | |9 54 |a LITERATURA NICARAGUENSE |v NOVELA |
| 942 | |2 ddc |c BK | ||
| 999 | |c 3689 |d 3689 | ||



